000 00493nam a2200193Ia 4500
008 131103s9999 xx 000 0 und d
040 _aLoreto College
041 _aEnglish
082 _a309.2/MCK
_bLCLIB/
100 _aMckevitt, Peter
245 4 _aThe plan of society
_cPeter Mckevitt,
260 _aDublin
_bChild & co.
_c1944
300 _a219p.
_c 22cm.
504 _aIncludes index
650 _aSociety
651 _aSocial science
850 _aLCLIB/309.2/MCK
942 _cBK
999 _c24229
_d74708